000 00678nam a22002057a 4500
999 _c186293
_d186293
005 20220222102538.0
010 _aENG-131726
020 _a9788195368723
_c820.00
035 _aEN-115258
037 _bDBAD
082 _a519.5
100 _aReddy, D. Ranadheer
245 _aMathematical and Statistical Foundations/
_cD. Ranadheer Reddy, G. Vanaja and G. Chandra Mohan
260 _aHyderabad
_bAmaravati Publications
_c2021
270 _a# 326/C, III Floor, Surneni Nilayam Near B K Guda Park, S R Nagar
_bHyderabad
_e500038
300 _axvi, 672p.
_c24cm(pbk)
700 _aVanaja, G
700 _aMohan, G. Chandra
942 _2ddc
_cEN
_h519.5
_mRED